Il mio cuore è un mandarino acerbo /

Salvato in:
Dettagli Bibliografici
Autore principale: Arena, Alessio, (1984- ) (Autore)
Natura: Libro
Lingua:italiano
Pubblicazione: Civitella in Val di Chiana, Arezzo : Zona, 2010
Serie:Novevolt
Tags: Aggiungi Tag
Nessun Tag, puoi essere il primo ad aggiungerne!!

MARC

LEADER 00000nam a22000007i 4500
001 IT\ICCU\BVE\0645697
003 ItRI
005 20260115232128.0
008 140505s2010 it |||||| ||||| |||||c
020 |a 9788864381299 
040 |b ita  |c importazione bologna sebina 
041 7 |a ita  |2 ISO-639-2 
100 1 |a Arena, Alessio,  |d  (1984- )  |0 IT\ICCU\LO1V\357849  |4 aut 
245 1 3 |a Il mio cuore è un mandarino acerbo /  |c Alessio Arena. 
260 |a Civitella in Val di Chiana, Arezzo :  |b Zona,  |c 2010 
300 |a 158 p. ;  |c 20 cm 
830 0 |a Novevolt  |0 IT\ICCU\URB\0886519 
942 |2 ddc  |c BK  |n 0 
952 |0 0  |1 0  |4 0  |6 DOC_853_920000000000000_ARE  |7 0  |9 20558  |a BO  |b BO  |d 2026-01-15  |i 18166  |l 0  |o DOC 853.92 ARE  |p BO18166  |r 2026-01-15 23:21:28  |w 2026-01-15  |x [Sebina 5] [1 v.]  |y BK  |z 1 v. 
999 |c 17552  |d 17552